Review article: the growth of Latin American and Caribbean Kinship Studies /

Gespeichert in:
Bibliographische Detailangaben
1. Verfasser: Alum, Rolando
Format: Text
Tags: Tag hinzufügen
Keine Tags, Fügen Sie den ersten Tag hinzu!

MARC

LEADER 00000 a a2200000 04500
001 1954
003
040
100 |a Alum, Rolando  
245 |a Review article:   |b the growth of Latin American and Caribbean Kinship Studies /  |c Rolando Alum 
773 |g número 25; páginas 73-78  
999 |c 38325  |d 38325